000 00368nam a2200157Ia 4500
003 OSt
005 20240216161702.0
008 170524s9999 xx 000 0 und d
020 _a9780471361886
040 _cIIMT
100 _aMill- Robert Christie
245 0 _aResorts Management and operation
260 _bJohn Wiley & Sons
260 _c2001
942 _2ddc
_c02
999 _c6983
_d6983